00662nam a22002057a 450000500170000001000150001702000260003203500130005803700130007108200110008410000220009524500810011725000110019826000300020927000680023930000340030750000500034165000490039170000160044020141105125236.0 aENG-111098 c695.00a9788120350601 aEN-94630 bDBAD/PUB a006.37 aForsyth, David A. aComputer vision :cby David A. Forsyth [and] Jean Ponceba modern approach / a2nd ed aDelhibPHI Learningc2015 bDelhie110092aRimjhim House, 111, Patparganj Industrial Estate axxix,761p. :c26cm(pbk)bill. aIncludes bibliographical references and index a Computer vision vProblems, exercises, etc. aPonce, Jean